000 00278nam a2200109Ia 4500
008 190906s9999||||xx |||||||||||||| ||und||
100 _aAfaq Siddiqi
245 0 _aShakhseat Saaz : Adabi Mazaameen ka Majmoa
260 _aKarachi
_bHira Matboaat
_c2002
300 _a192
942 _cBK
999 _c6168
_d6168